10 Most Populous Cities in Pennsylvania - Statistics

General Stats
  • This quiz has been taken 25 times
  • The average score is 6 of 10
Answer Stats
Population City % Correct
303,413 Pittsburgh
100%
1,533,828 Philadelphia
96%
92,371 Erie
83%
124,597 Allentown
79%
75,682 Scranton
75%
79,167 Bethlehem
54%
94,878 Reading
50%
83,949 Upper Darby
17%
62,263 Bensalem
13%
63,827 Lower Merion
8%
No matching quizzes found
Score Distribution
Percent of People with Each Score
Percentile by Number Answered
Your Score History
You have not taken this quiz